000 00579nam a22002177a 4500
003 OSt
005 20260530140609.0
008 260530b |||||||| |||| 00| 0 eng d
020 _a978-81-315-2077-2
040 _cSBCL
082 _a155.2
_bSCH-T
100 _aSchultz,Duane P.
245 _aTheories Of Personality
250 _a10th ed.
260 _aNew Delhi
_bCengage Learning India Private Limited
_c2013
300 _a479p.
630 _xPhilosophy & psychology
650 _aPsychology
650 _aDifferential & developmental psychology
942 _cBOOK
999 _c138310
_d138310